Lovci monster s.r.o. /

Main Author: Correia, Larry, 1977-
Other Authors: Farník, Michal, 1987-
Language: Czech
Published: Ostrava : Fantom Print, 2018
Edition: 2. vydání
Physical Description: 399 stran ; 21 cm
Book
Saved in:
LEADER 01385nam a2200421 i 4500
001 nkc20183057779
003 CZ PrNK
005 20190312152729.0
007 ta
008 181122s2018 xr g 000 f cze
015 |a cnb003057779 
020 |a 978-80-7594-019-3  |q (brožováno) 
035 |a (OCoLC)1096295335 
040 |a OLA001  |b cze  |e rda 
041 1 |a cze  |h eng 
072 7 |a 821.111(73)-3  |x Americká próza  |2 Konspekt  |9 25 
080 |a 821.111(73)-31  |2 MRF 
080 |a (0:82-312.9)  |2 MRF 
100 1 |a Correia, Larry,  |d 1977-  |7 xx0153739  |4 aut 
240 1 0 |a Monster hunter international.  |l Česky 
245 1 0 |a Lovci monster s.r.o. /  |c Larry Correia ; překlad Michal Farník 
250 |a 2. vydání 
264 1 |a Ostrava :  |b Fantom Print,  |c 2018 
300 |a 399 stran ;  |c 21 cm 
336 |a text  |b txt  |2 rdacontent 
337 |a bez média  |b n  |2 rdamedia 
338 |a svazek  |b nc  |2 rdacarrier 
500 |a Přeloženo z angličtiny 
655 7 |a americké romány  |7 fd131796  |2 czenas 
655 7 |a fantasy romány  |7 fd184199  |2 czenas 
655 9 |a American fiction  |2 eczenas 
655 9 |a fantasy novels  |2 eczenas 
700 1 |a Farník, Michal,  |d 1987-  |7 xx0142993  |4 trl 
910 2 |a BOA001  |b 2-1419.504 
990 |a BK 
995 |a 01 
991 |b 201901  |c NOV 
996 6 |b 2610767404  |c 2-1419.504  |l MZK  |r Sklad / do 1 hodiny  |n 0  |p p.v.  |w 001702396  |u 000010  |a 1  |e BOA001  |j MZK50  |s P